L'economie suisse- cap sur l'an 2000

Uloženo v:
Podrobná bibliografie
Médium: Kniha
Jazyk:Undetermined
Vydáno: Paris Editions Pharos 2000
Témata:
Tagy: Přidat tag
Žádné tagy, Buďte první, kdo otaguje tento záznam!
Thư viện lưu trữ: Trung tâm Học liệu Trường Đại học Cần Thơ
LEADER 00449nam a2200169Ia 4500
001 CTU_83186
008 210402s9999 xx 000 0 und d
082 |a 330.9 
082 |b E19 
245 0 |a L'economie suisse- cap sur l'an 2000 
260 |a Paris 
260 |b Editions Pharos 
260 |c 2000 
650 |a Switzerland 
650 |x Economic conditions 
904 |i Qhieu(sửa) 
980 |a Trung tâm Học liệu Trường Đại học Cần Thơ